书目信息 |
| 题名: |
长笛演奏中国民歌
|
|
| 作者: | 韩国良 编 | |
| 分册: | ||
| 出版信息: | 北京 人民音乐出版社 2006 |
|
| 页数: | 27页 | |
| 开本: | 31cm | |
| 丛书名: | 中国旋律 | |
| 单 册: | ||
| 中图分类: | J647 , J647.11 , J647.11 | |
| 科图分类: | ||
| 主题词: | 器乐曲--中国--现代--选集 , 长笛--器乐曲--中国--现代--选集 , 长笛 , 器乐曲 | |
| 电子资源: | ||
| ISBN: | 7-103-03206-8 | |
| 000 | 01118ncm0 2200325 450 | |
| 001 | 003325723 | |
| 005 | 20070805170023.14 | |
| 010 | @a7-103-03206-8@dCNY27.00 | |
| 100 | @a20060518d2006 em y0chiy0110 ea | |
| 101 | 0 | @achi@eeng |
| 102 | @aCN@b110000 | |
| 105 | @aa z 000yy | |
| 200 | 1 | @a长笛演奏中国民歌@Achang di yan zou zhong guo min ge@9zhong guo xuan lv@dMelodies of China@f韩国良改编/演奏@zeng |
| 210 | @a北京@c人民音乐出版社@d2006 | |
| 215 | @a27页@c图@d31cm@e1光盘 | |
| 225 | 2 | @a中国旋律 |
| 307 | @a附光盘:ISRC CN-M26-06-335-00 | |
| 330 | @a本笛曲集有以下曲目:《秋收》、《走西口》、《茉莉花》、《绣花枕》、《绣金匾》、《山丹丹开花红艳艳》、《清粼粼的水来蓝莹莹的天》等。 | |
| 410 | 0 | @12001 @a中国旋律 |
| 510 | 1 | @aMelodies of China@iPlaying Chinese folk songs on flute@zeng |
| 606 | 0 | @a器乐曲@y中国@z现代@j选集 |
| 606 | 0 | @a长笛@x器乐曲@y中国@z现代@j选集 |
| 606 | 0 | @a长笛 |
| 606 | 0 | @a器乐曲 |
| 690 | @aJ647@v4 | |
| 690 | @aJ647.11@v4 | |
| 690 | @aJ647.11@v3 | |
| 701 | 0 | @a韩国良@9han guo liang@c(音乐)@4编 |
| 801 | 0 | @aCN@bNLC@c20070805 |
| 905 | @a10447@dJ647.11@e120 | |
| 长笛演奏中国民歌=Melodies of China/韩国良改编/演奏.-北京:人民音乐出版社,2006 |
| 27页:图;31cm+1光盘.-(中国旋律) |
| ISBN 7-103-03206-8:CNY27.00 |
| 本笛曲集有以下曲目:《秋收》、《走西口》、《茉莉花》、《绣花枕》、《绣金匾》、《山丹丹开花红艳艳》、《清粼粼的水来蓝莹莹的天》等。 |
| ● |
| 相关链接 |
|
|
|
|
正题名:长笛演奏中国民歌
索取号:J647.11/120
 
预约/预借
| 序号 | 登录号 | 条形码 | 馆藏地/架位号 | 状态 | 备注 |
| 1 | 0809048 | 208090484 | 第一样本阅览室/ [索取号:J647.11/120] | 在馆 | |
| 2 | 0809049 | 208090493 | 第一借阅区/ [索取号:J647.11/120] | 在馆 | |
| 3 | 0809050 | 208090509 | 第一借阅区/ [索取号:J647.11/120] | 在馆 | |
| 4 | 0809051 | 208090518 | 第一借阅区/ [索取号:J647.11/120] | 在馆 | |
| 5 | 0809052 | 208090527 | 密集书库-音乐系/ [索取号:J647.11/120] | 在馆 | |
| 6 | 0809053 | 208090536 | 第一借阅区/ [索取号:J647.11/120] | 在馆 | |
| 7 | 0809054 | 208090545 | 第一借阅区/ [索取号:J647.11/120] | 在馆 | |
| 8 | 0809055 | 208090554 | 第一借阅区/ [索取号:J647.11/120] | 在馆 | |
| 9 | 0809056 | 208090563 | 第一借阅区/ [索取号:J647.11/120] | 在馆 | |
| 10 | 0809057 | 208090572 | 密集书库-音乐系/ [索取号:J647.11/120] | 在馆 |